Investments / (Record no. 385)

000 -LEADER
fixed length control field 01299cam a2200337 a 4500
001 - CONTROL NUMBER
control field 15209716
003 - CONTROL NUMBER IDENTIFIER
control field OSt
005 - DATE AND TIME OF LATEST TRANSACTION
control field 20140116120826.0
008 - FIXED-LENGTH DATA ELEMENTS--GENERAL INFORMATION
fixed length control field 080307s2009 maua b 001 0 eng
010 ## - LIBRARY OF CONGRESS CONTROL NUMBER
LC control number 2008009854
020 ## - INTERNATIONAL STANDARD BOOK NUMBER
International Standard Book Number 9780071263252
035 ## - SYSTEM CONTROL NUMBER
System control number (OCoLC)213222983
Canceled/invalid control number (OCoLC)192082871
035 ## - SYSTEM CONTROL NUMBER
System control number (OCoLC)ocn213222983
040 ## - CATALOGING SOURCE
Original cataloging agency DLC
Transcribing agency DLC
Modifying agency BTCTA
-- BAKER
-- YDXCP
-- C#P
-- BWX
-- DLC
050 00 - LIBRARY OF CONGRESS CALL NUMBER
Classification number HG4521.B63 2009
100 1# - MAIN ENTRY--PERSONAL NAME
Personal name Bodie, Zvi.
245 10 - TITLE STATEMENT
Title Investments /
Statement of responsibility, etc Zvi Bodie, Alex Kane, Alan J. Marcus.
250 ## - EDITION STATEMENT
Edition statement 8th ed.
260 ## - PUBLICATION, DISTRIBUTION, ETC. (IMPRINT)
Place of publication, distribution, etc Boston :
Name of publisher, distributor, etc McGraw-Hill ,
Date of publication, distribution, etc 2009.
300 ## - PHYSICAL DESCRIPTION
Extent xxvii, 988p. :
Other physical details ill. (some col.)
440 #4 - SERIES STATEMENT/ADDED ENTRY--TITLE
Title The McGraw-Hill/Irwin series in finance, insurance and real estate
504 ## - BIBLIOGRAPHY, ETC. NOTE
Bibliography, etc Includes bibliographical references and indexes.
505 ## - FORMATTED CONTENTS NOTE
Formatted contents note Introduction-- Portfolio theory and practice-- Equilibrium in capital markets-- Fixed income securities--Security analysis-- Options, futures and other derivatives-- Applied portfolio management
650 #0 - SUBJECT ADDED ENTRY--TOPICAL TERM
Topical term or geographic name as entry element Investments.
650 #0 - SUBJECT ADDED ENTRY--TOPICAL TERM
Topical term or geographic name as entry element Portfolio management.
700 1# - ADDED ENTRY--PERSONAL NAME
Personal name Kane, Alex.
700 1# - ADDED ENTRY--PERSONAL NAME
Personal name Marcus, Alan J.
906 ## - LOCAL DATA ELEMENT F, LDF (RLIN)
a 7
b cbc
c orignew
d 1
e ecip
f 20
g y-gencatlg
942 ## - ADDED ENTRY ELEMENTS (KOHA)
Source of classification or shelving scheme
Koha item type Book
Holdings
Withdrawn status Lost status Source of classification or shelving scheme Damaged status Not for loan Home library Current library Date acquired Source of acquisition Total Checkouts Total Renewals Full call number Barcode Date last seen Date checked out Copy number Price effective from Koha item type
          Riara University Library Riara University Library 18/10/2011 Purchase 10 3 HG4521.B63 2009 2674/11 13/10/2017 13/10/2017 C.1 18/10/2011 Book
          Riara University Library Riara University Library 18/10/2011 Purchase 10 3 HG4521.B63 2009 2676/11 04/04/2018 03/01/2018 C.2 18/10/2011 Book
          Riara University Library Riara University Library 18/10/2011 Purchase 7 1 HG4521.B63 2009 2675/11 03/08/2018 13/07/2018 C.3 18/10/2011 Book

Riara University Library,
P.O. Box 49940-00100,
Nairobi, Kenya.